000 00866nam a2200253Ia 4500
005 20220317001457.0
008 161108s2011 sp ao 000 0 s
020 _a9788408097273
082 0 4 _a928.6
_bB67b
100 1 _aBioy Casares, Adolfo
_d1914-1999
245 1 0 _aBorges
_cAdolfo Bioy Casares ; edición al cuidado de Daniel Martino
250 _a1a. edición
300 _a691 páginas
_bilustraciones, fotografías en blanco y negro
_c22 cm
500 _aIncluye glosario e índice analítico
650 1 4 _2LEMB
_aBorges, Jorge Luis
_vAnécdotas
_y1889-1986
650 1 4 _2LEMB
_aAutobiografías
650 1 4 _2LEMB
_aConversación
942 _2ddc
_cBK
264 _aBarcelona
_bBacklist
_c2011
336 _atexto
_btxt
_2rdacontent
337 _asin mediación
_bn
_2rdamedia
338 _avolumen
_bnc
_2rdacarrier
040 _aCO-BoRNBP
_bspa
_erda
_cCO-BoRNBP
999 _c7094
_d7094